[Event "Girls U14 Polish Youth Championship"]
[Site "chess24.com"]
[Date "2018.05.04"]
[Round "8"]
[White "Pisarek, Elzbieta"]
[Black "Libura, Julianna"]
[Result "1/2-1/2"]
[Board "9"]
[WhiteElo "1434"]
[WhiteCountry "POL"]
[WhiteFideId "21826234"]
[WhiteEloChange "1"]
[BlackElo "1466"]
[BlackCountry "POL"]
[BlackFideId "21820708"]
[BlackEloChange "-1"]

1. e4 {[%clk 1:30:58]} c5 {[%clk 1:30:51]} 2. Nf3 {[%clk 1:31:22]} a6 {[%clk
1:31:14]} 3. Be2 {[%clk 1:31:38]} Nc6 {[%clk 1:30:56]} 4. c3 {[%clk 1:31:34]} Nf6
{[%clk 1:30:35]} 5. e5 {[%clk 1:30:33]} Nd5 {[%clk 1:30:46]} 6. d4 {[%clk
1:30:11]} cxd4 {[%clk 1:30:49]} 7. cxd4 {[%clk 1:29:49]} e6 {[%clk 1:28:34]} 8.
Nc3 {[%clk 1:27:10]} Nxc3 {[%clk 1:26:41]} 9. bxc3 {[%clk 1:27:32]} d6 {[%clk
1:26:53]} 10. Bf4 {[%clk 1:19:48]} Be7 {[%clk 1:24:18]} 11. O-O {[%clk 1:19:16]}
dxe5 {[%clk 1:23:04]} 12. Nxe5 {[%clk 1:19:21]} Nxe5 {[%clk 1:23:07]} 13. Bxe5
{[%clk 1:19:11]} Bf6 {[%clk 1:22:28]} 14. f4 {[%clk 1:15:51]} Bd7 {[%clk
1:09:42]} 15. a4 {[%clk 1:12:11]} Rc8 {[%clk 1:06:54]} 16. Qb3 {[%clk 1:07:38]}
Bc6 {[%clk 1:03:16]} 17. Bf3 {[%clk 1:06:19]} Bxe5 {[%clk 1:02:15]} 18. fxe5
{[%clk 1:04:20]} Bd5 {[%clk 1:02:20]} 19. Bxd5 {[%clk 1:04:20]} Qxd5 {[%clk
1:02:18]} 20. Qxd5 {[%clk 1:00:47]} exd5 {[%clk 1:02:40]} 21. Rab1 {[%clk
0:58:37]} Rc7 {[%clk 0:58:22]} 22. Rb6 {[%clk 0:56:31]} Kd8 {[%clk 0:55:52]} 23.
Rd6+ {[%clk 0:55:23]} Ke7 {[%clk 0:55:27]} 24. Rb1 {[%clk 0:49:27]} Rd8 {[%clk
0:55:15]} 25. Rbb6 {[%clk 0:48:03]} Rdd7 {[%clk 0:55:07]} 26. Kf2 {[%clk
0:46:33]} Kd8 {[%clk 0:45:39]} 27. Ke2 {[%clk 0:41:23]} Kc8 {[%clk 0:37:23]} 28.
Rxd7 {[%clk 0:39:33]} Rxd7 {[%clk 0:37:43]} 29. Kd3 {[%clk 0:38:21]} Kc7 {[%clk
0:37:53]} 30. a5 {[%clk 0:37:45]} Re7 {[%clk 0:35:55]} 31. Rd6 {[%clk 0:35:47]}
Rd7 {[%clk 0:36:11]} 32. Rb6 {[%clk 0:34:02]} Re7 {[%clk 0:36:17]} 33. c4 {[%clk
0:24:20]} dxc4+ {[%clk 0:32:20]} 34. Kxc4 {[%clk 0:23:34]} g6 {[%clk 0:30:53]}
35. Kd5 {[%clk 0:18:06]} Re8 {[%clk 0:29:33]} 36. Rf6 {[%clk 0:16:18]} Re7 {[%clk
0:29:47]} 37. Kc5 {[%clk 0:15:46]} Kd7 {[%clk 0:29:10]} 38. Kb6 {[%clk 0:08:58]}
Kd8 {[%clk 0:29:08]} 39. g3 {[%clk 0:06:00]} Kc8 {[%clk 0:28:48]} 40. g4 {[%clk
0:04:35]} Rd7 {[%clk 0:25:12]} 41. Kc5 {[%clk 0:03:30]} Re7 {[%clk 0:25:28]} 42.
h4 {[%clk 0:03:33]} Kc7 {[%clk 0:25:32]} 43. h5 {[%clk 0:03:17]} Kd7 {[%clk
0:25:13]} 44. hxg6 {[%clk 0:02:35]} hxg6 {[%clk 0:25:23]} 45. Kd5 {[%clk
0:02:33]} Kc7 {[%clk 0:24:31]} 46. e6 {[%clk 0:02:35]} fxe6+ {[%clk 0:24:38]} 47.
Rxe6 {[%clk 0:03:00]} Rg7 {[%clk 0:23:51]} 48. g5 {[%clk 0:03:15]} Kd7 {[%clk
0:23:10]} 49. Ke5 {[%clk 0:03:38]} Rg8 {[%clk 0:23:13]} 50. d5 {[%clk 0:02:47]}
Rg7 {[%clk 0:21:40]} 51. Kf6 {[%clk 0:03:01]} Rg8 {[%clk 0:22:03]} 52. Kf7 {[%clk
0:03:14]} Rc8 {[%clk 0:22:21]} 53. Rxg6 {[%clk 0:02:38]} Rc5 {[%clk 0:22:36]} 54.
Rf6 {[%clk 0:02:22]} Rxd5 {[%clk 0:22:48]} 55. g6 {[%clk 0:02:38]} Rxa5 {[%clk
0:23:00]} 56. g7 {[%clk 0:02:58]} Rg5 {[%clk 0:23:26]} 57. g8Q {[%clk 0:02:59]}
Rxg8 {[%clk 0:23:48]} 58. Kxg8 {[%clk 0:03:28]} Kc7 {[%clk 0:23:49]} 59. Kf7
{[%clk 0:03:25]} a5 {[%clk 0:23:52]} 60. Ke6 {[%clk 0:03:19]} Kc6 {[%clk
0:24:08]} 61. Ke5+ {[%clk 0:03:16]} Kc5 {[%clk 0:24:25]} 62. Rf8 {[%clk 0:02:36]}
a4 {[%clk 0:24:30]} 63. Rc8+ {[%clk 0:02:29]} Kb4 {[%clk 0:24:42]} 64. Kd4 {[%clk
0:02:22]} b5 {[%clk 0:24:19]} 65. Rc1 {[%clk 0:01:17]} a3 {[%clk 0:21:34]} 66.
Ra1 {[%clk 0:00:42]} Kb3 {[%clk 0:20:26]} 67. Kc5 {[%clk 0:00:45]} Kb2 {[%clk
0:19:02]} 1/2-1/2

[Event "Girls U14 Polish Youth Championship"]
[Site "chess24.com"]
[Date "2018.05.04"]
[Round "8"]
[White "Wawrzyniak, Weronika"]
[Black "Mezykowska, Emilia"]
[Result "1/2-1/2"]
[Board "10"]
[WhiteElo "1377"]
[WhiteCountry "POL"]
[WhiteFideId "21817596"]
[WhiteEloChange "2"]
[BlackElo "1464"]
[BlackCountry "POL"]
[BlackFideId "21862524"]
[BlackEloChange "-2"]

1. e4 {[%clk 1:30:43]} e5 {[%clk 1:30:48]} 2. Nf3 {[%clk 1:30:46]} Nc6 {[%clk
1:31:10]} 3. Bb5 {[%clk 1:30:39]} a6 {[%clk 1:31:31]} 4. Ba4 {[%clk 1:31:03]} Nf6
{[%clk 1:31:51]} 5. O-O {[%clk 1:30:41]} b5 {[%clk 1:32:11]} 6. Bb3 {[%clk
1:30:57]} Bb7 {[%clk 1:32:31]} 7. Re1 {[%clk 1:28:32]} Bc5 {[%clk 1:32:12]} 8. c3
{[%clk 1:26:08]} d6 {[%clk 1:32:26]} 9. h3 {[%clk 1:22:43]} h6 {[%clk 1:31:08]}
10. d4 {[%clk 1:17:56]} Bb6 {[%clk 1:31:26]} 11. d5 {[%clk 1:17:35]} Ne7 {[%clk
1:30:44]} 12. c4 {[%clk 1:15:01]} bxc4 {[%clk 1:27:00]} 13. Bxc4 {[%clk 1:14:55]}
O-O {[%clk 1:26:36]} 14. Nc3 {[%clk 1:14:06]} Kh8 {[%clk 1:22:40]} 15. Be3 {[%clk
1:10:20]} Nd7 {[%clk 1:20:41]} 16. Nh2 {[%clk 1:06:50]} f5 {[%clk 1:19:50]} 17.
f3 {[%clk 1:05:47]} Bxe3+ {[%clk 1:17:31]} 18. Rxe3 {[%clk 1:06:08]} f4 {[%clk
1:17:36]} 19. Re1 {[%clk 1:06:01]} Qe8 {[%clk 1:14:21]} 20. b4 {[%clk 0:59:50]}
g5 {[%clk 1:06:29]} 21. a4 {[%clk 0:55:55]} h5 {[%clk 1:01:49]} 22. a5 {[%clk
0:53:02]} Nf6 {[%clk 0:58:16]} 23. b5 {[%clk 0:52:38]} Rg8 {[%clk 0:56:04]} 24.
bxa6 {[%clk 0:49:21]} Bxa6 {[%clk 0:56:07]} 25. Bxa6 {[%clk 0:49:44]} Rxa6 {[%clk
0:56:32]} 26. Qe2 {[%clk 0:48:48]} Qa8 {[%clk 0:56:03]} 27. Qb5 {[%clk 0:40:54]}
Qa7+ {[%clk 0:51:45]} 28. Kf1 {[%clk 0:37:58]} Ra8 {[%clk 0:50:13]} 29. Reb1
{[%clk 0:36:27]} g4 {[%clk 0:38:30]} 30. hxg4 {[%clk 0:35:18]} hxg4 {[%clk
0:38:40]} 31. Nxg4 {[%clk 0:34:36]} Nxg4 {[%clk 0:35:44]} 32. fxg4 {[%clk
0:34:29]} Qe3 {[%clk 0:32:46]} 33. Qc4 {[%clk 0:27:06]} f3 {[%clk 0:28:08]} 34.
Nd1 {[%clk 0:25:31]} fxg2+ {[%clk 0:26:56]} 35. Kxg2 {[%clk 0:25:43]} Qd2+ {[%clk
0:26:22]} 36. Nf2 {[%clk 0:24:28]} Rf8 {[%clk 0:21:54]} 37. Rh1+ {[%clk 0:17:47]}
Kg7 {[%clk 0:22:03]} 38. Rhf1 {[%clk 0:18:00]} Qf4 {[%clk 0:15:04]} 39. Ra3
{[%clk 0:16:43]} Rxa5 {[%clk 0:14:43]} 40. Rh3 {[%clk 0:15:47]} Rc5 {[%clk
0:12:34]} 41. Qe2 {[%clk 0:15:39]} Ra5 {[%clk 0:11:06]} 42. Rfh1 {[%clk 0:13:10]}
Ng6 {[%clk 0:09:03]} 1/2-1/2

[Event "Girls U14 Polish Youth Championship"]
[Site "chess24.com"]
[Date "2018.05.04"]
[Round "8"]
[White "Sloniewska, Alicja"]
[Black "Krzyzosiak, Anna"]
[Result "0-1"]
[Board "11"]
[WhiteElo "1360"]
[WhiteCountry "POL"]
[WhiteFideId "21823359"]
[WhiteEloChange "-5"]
[BlackElo "1552"]
[BlackCountry "POL"]
[BlackFideId "21820430"]
[BlackEloChange "5"]

1. d4 {[%clk 1:30:29]} Nf6 {[%clk 1:30:54]} 2. c4 {[%clk 1:30:27]} g6 {[%clk
1:31:11]} 3. Nc3 {[%clk 1:30:12]} Bg7 {[%clk 1:31:00]} 4. e4 {[%clk 1:29:54]} d6
{[%clk 1:31:14]} 5. Be2 {[%clk 1:29:57]} O-O {[%clk 1:30:47]} 6. Nf3 {[%clk
1:29:16]} Nbd7 {[%clk 1:29:54]} 7. d5 {[%clk 1:26:58]} e5 {[%clk 1:28:09]} 8. Bg5
{[%clk 1:23:47]} h6 {[%clk 1:23:54]} 9. Bh4 {[%clk 1:23:05]} a5 {[%clk 1:21:37]}
10. Qc2 {[%clk 1:21:16]} Nc5 {[%clk 1:19:59]} 11. b3 {[%clk 1:20:21]} c6 {[%clk
1:16:51]} 12. Nd2 {[%clk 1:17:38]} Qc7 {[%clk 1:08:14]} 13. Rc1 {[%clk 1:16:23]}
Bd7 {[%clk 0:58:26]} 14. O-O {[%clk 1:13:37]} Nh7 {[%clk 0:52:37]} 15. a3 {[%clk
1:12:19]} f5 {[%clk 0:50:02]} 16. f3 {[%clk 1:09:39]} f4 {[%clk 0:43:24]} 17.
Rfd1 {[%clk 1:06:34]} Rf7 {[%clk 0:40:42]} 18. Bf2 {[%clk 1:05:44]} Bf8 {[%clk
0:35:04]} 19. b4 {[%clk 1:03:12]} axb4 {[%clk 0:34:22]} 20. axb4 {[%clk 1:03:37]}
Na6 {[%clk 0:34:30]} 21. Qb2 {[%clk 1:03:13]} Rg7 {[%clk 0:28:19]} 22. Ra1 {[%clk
1:02:43]} Re8 {[%clk 0:26:38]} 23. dxc6 {[%clk 1:00:43]} Bc8 {[%clk 0:21:44]} 24.
Nd5 {[%clk 0:58:41]} Qf7 {[%clk 0:19:05]} 25. cxb7 {[%clk 0:57:13]} Qxb7 {[%clk
0:15:31]} 26. Rxa6 {[%clk 0:50:07]} Qxa6 {[%clk 0:15:07]} 27. Nc7 {[%clk
0:50:17]} Rxc7 {[%clk 0:14:39]} 28. b5 {[%clk 0:46:09]} Qb7 {[%clk 0:14:19]} 29.
Nb3 {[%clk 0:43:54]} Be6 {[%clk 0:10:15]} 30. Na5 {[%clk 0:42:46]} Qb8 {[%clk
0:09:48]} 31. b6 {[%clk 0:39:10]} Rc5 {[%clk 0:02:19]} 32. Bxc5 {[%clk 0:38:52]}
dxc5 {[%clk 0:02:45]} 33. Rb1 {[%clk 0:38:09]} Bd7 {[%clk 0:02:16]} 34. Qd2
{[%clk 0:36:42]} Rd8 {[%clk 0:02:01]} 35. b7 {[%clk 0:34:16]} Be7 {[%clk
0:01:45]} 36. Bf1 {[%clk 0:24:45]} Be8 {[%clk 0:00:57]} 37. Qb2 {[%clk 0:25:00]}
Bd6 {[%clk 0:01:14]} 38. Qb6 {[%clk 0:20:19]} Qc7 {[%clk 0:01:25]} 39. Qa6 {[%clk
0:20:27]} Nf8 {[%clk 0:01:22]} 40. Bd3 {[%clk 0:18:00]} Nd7 {[%clk 0:01:01]} 41.
Bc2 {[%clk 0:15:13]} Nb8 {[%clk 0:01:21]} 42. Qa7 {[%clk 0:15:18]} Nc6 {[%clk
0:01:35]} 43. Nxc6 {[%clk 0:15:45]} Qxc6 {[%clk 0:01:52]} 44. Rb6 {[%clk
0:16:01]} Qc7 {[%clk 0:01:59]} 45. Kf2 {[%clk 0:14:22]} Rb8 {[%clk 0:02:08]} 46.
Qa6 {[%clk 0:14:35]} Be7 {[%clk 0:01:32]} 47. Rxg6+ {[%clk 0:06:30]} Kh7 {[%clk
0:00:43]} 48. Rxh6+ {[%clk 0:06:52]} Kg7 {[%clk 0:01:10]} 49. Rb6 {[%clk
0:06:20]} Bd8 {[%clk 0:01:22]} 50. Re6 {[%clk 0:06:11]} Bf7 {[%clk 0:01:25]} 51.
Rc6 {[%clk 0:05:32]} Qxb7 {[%clk 0:01:38]} 52. Qxb7 {[%clk 0:05:53]} Rxb7 {[%clk
0:02:08]} 53. Bd3 {[%clk 0:06:00]} Rb2+ {[%clk 0:01:56]} 54. Kf1 {[%clk 0:06:27]}
Be7 {[%clk 0:02:10]} 55. Rc7 {[%clk 0:06:39]} Kf6 {[%clk 0:02:29]} 56. Rc6+
{[%clk 0:07:00]} Be6 {[%clk 0:02:07]} 57. h3 {[%clk 0:06:34]} Rd2 {[%clk
0:02:14]} 58. Be2 {[%clk 0:06:53]} Kf7 {[%clk 0:02:11]} 59. Ra6 {[%clk 0:06:57]}
Rb2 {[%clk 0:02:07]} 60. Ra3 {[%clk 0:07:08]} Rb4 {[%clk 0:01:33]} 61. Rc3 {[%clk
0:07:27]} Bh4 {[%clk 0:01:46]} 62. Rc1 {[%clk 0:07:42]} Bd8 {[%clk 0:01:50]} 63.
Rd1 {[%clk 0:07:49]} Ba5 {[%clk 0:01:41]} 64. Ra1 {[%clk 0:08:07]} Bd8 {[%clk
0:01:47]} 65. Rd1 {[%clk 0:08:25]} Bc7 {[%clk 0:01:58]} 66. Rc1 {[%clk 0:08:51]}
Ra4 {[%clk 0:02:08]} 67. Kg1 {[%clk 0:08:29]} Ba5 {[%clk 0:02:21]} 68. Kh2 {[%clk
0:08:23]} Bd2 {[%clk 0:02:32]} 69. Rc2 {[%clk 0:08:43]} Be3 {[%clk 0:02:54]} 70.
g3 {[%clk 0:08:23]} fxg3+ {[%clk 0:03:08]} 71. Kxg3 {[%clk 0:08:48]} Ra8 {[%clk
0:03:10]} 72. Bf1 {[%clk 0:08:59]} Rg8+ {[%clk 0:03:20]} 73. Kh2 {[%clk 0:07:48]}
Bf4+ {[%clk 0:03:43]} 74. Kh1 {[%clk 0:08:14]} Rg3 {[%clk 0:03:57]} 75. Ra2
{[%clk 0:07:18]} Rxf3 {[%clk 0:03:22]} 76. Bg2 {[%clk 0:07:08]} Rc3 {[%clk
0:03:39]} 77. Ra7+ {[%clk 0:07:09]} Kf6 {[%clk 0:04:02]} 78. Ra1 {[%clk 0:07:36]}
Rxc4 {[%clk 0:03:51]} 79. Bf3 {[%clk 0:07:35]} Bxh3 {[%clk 0:03:41]} 80. Ra6+
{[%clk 0:07:58]} Kg5 {[%clk 0:03:58]} 81. Ra1 {[%clk 0:08:19]} Rc2 {[%clk
0:03:55]} 0-1

[Event "Girls U14 Polish Youth Championship"]
[Site "chess24.com"]
[Date "2018.05.04"]
[Round "8"]
[White "Lukasik, Zuzanna"]
[Black "Mucha, Marta"]
[Result "1-0"]
[Board "12"]
[WhiteElo "1568"]
[WhiteCountry "POL"]
[WhiteFideId "21813906"]
[WhiteEloChange "6"]
[BlackElo "1432"]
[BlackCountry "POL"]
[BlackFideId "1195123"]
[BlackEloChange "-6"]

1. e4 {[%clk 1:30:56]} c5 {[%clk 1:30:40]} 2. Nf3 {[%clk 1:31:14]} Nc6 {[%clk
1:30:46]} 3. d4 {[%clk 1:30:52]} cxd4 {[%clk 1:30:33]} 4. Nxd4 {[%clk 1:31:02]}
g6 {[%clk 1:30:20]} 5. c4 {[%clk 1:31:11]} Nf6 {[%clk 1:30:05]} 6. Nc3 {[%clk
1:30:20]} d6 {[%clk 1:29:54]} 7. Be3 {[%clk 1:29:09]} Bg7 {[%clk 1:28:54]} 8. Be2
{[%clk 1:27:48]} O-O {[%clk 1:28:29]} 9. O-O {[%clk 1:26:29]} Bd7 {[%clk
1:27:23]} 10. Kh1 {[%clk 1:23:59]} Nxd4 {[%clk 1:26:49]} 11. Bxd4 {[%clk
1:24:01]} Bc6 {[%clk 1:25:18]} 12. f3 {[%clk 1:18:50]} a5 {[%clk 1:23:59]} 13. a3
{[%clk 1:16:04]} Nd7 {[%clk 1:19:59]} 14. Bxg7 {[%clk 1:12:56]} Kxg7 {[%clk
1:20:05]} 15. Qd4+ {[%clk 1:12:33]} Kg8 {[%clk 1:18:31]} 16. b4 {[%clk 1:05:37]}
Qb6 {[%clk 1:12:04]} 17. Qxb6 {[%clk 1:03:15]} Nxb6 {[%clk 1:10:08]} 18. Rfb1
{[%clk 1:00:26]} axb4 {[%clk 1:04:16]} 19. axb4 {[%clk 1:00:42]} Rxa1 {[%clk
1:00:21]} 20. Rxa1 {[%clk 1:01:07]} Rc8 {[%clk 0:58:40]} 21. h3 {[%clk 0:58:54]}
e6 {[%clk 0:56:56]} 22. Rd1 {[%clk 0:49:50]} Rd8 {[%clk 0:54:55]} 23. c5 {[%clk
0:41:17]} Nc8 {[%clk 0:53:12]} 24. b5 {[%clk 0:40:38]} Be8 {[%clk 0:52:53]} 25.
e5 {[%clk 0:29:30]} d5 {[%clk 0:49:25]} 26. Ne4 {[%clk 0:29:09]} Ne7 {[%clk
0:46:01]} 27. Nd6 {[%clk 0:25:02]} Rb8 {[%clk 0:45:24]} 28. Rc1 {[%clk 0:21:38]}
Nf5 {[%clk 0:45:04]} 29. Nxf5 {[%clk 0:20:50]} gxf5 {[%clk 0:45:29]} 30. c6
{[%clk 0:19:29]} bxc6 {[%clk 0:44:42]} 31. bxc6 {[%clk 0:19:44]} Bxc6 {[%clk
0:43:27]} 32. Rxc6 {[%clk 0:20:04]} Rb1+ {[%clk 0:43:15]} 33. Kh2 {[%clk
0:20:23]} Kg7 {[%clk 0:42:32]} 34. Kg3 {[%clk 0:17:39]} Rb2 {[%clk 0:42:11]} 35.
Kf2 {[%clk 0:17:08]} f4 {[%clk 0:41:39]} 36. Ke1 {[%clk 0:14:17]} Kg6 {[%clk
0:41:06]} 37. Bd3+ {[%clk 0:12:53]} Kg7 {[%clk 0:40:40]} 38. Rc2 {[%clk 0:12:39]}
Rb3 {[%clk 0:40:01]} 39. Kd2 {[%clk 0:12:04]} Rb1 {[%clk 0:39:48]} 40. Kc3 {[%clk
0:11:39]} Re1 {[%clk 0:39:23]} 41. Kd4 {[%clk 0:11:24]} Ra1 {[%clk 0:38:45]} 42.
g3 {[%clk 0:08:59]} Ra4+ {[%clk 0:37:01]} 43. Kc3 {[%clk 0:07:29]} Ra3+ {[%clk
0:35:56]} 44. Kd2 {[%clk 0:07:28]} fxg3 {[%clk 0:36:03]} 45. Ke3 {[%clk 0:07:39]}
h5 {[%clk 0:35:44]} 46. h4 {[%clk 0:07:23]} Ra4 {[%clk 0:34:55]} 47. f4 {[%clk
0:07:39]} Ra1 {[%clk 0:33:45]} 48. Rg2 {[%clk 0:04:38]} Rh1 {[%clk 0:33:48]} 49.
Rxg3+ {[%clk 0:05:04]} Kh6 {[%clk 0:33:36]} 50. f5 {[%clk 0:02:56]} exf5 {[%clk
0:33:19]} 51. Bxf5 {[%clk 0:03:18]} Rxh4 {[%clk 0:31:28]} 52. e6 {[%clk 0:03:04]}
fxe6 {[%clk 0:26:32]} 53. Rg6+ {[%clk 0:03:18]} Kh7 {[%clk 0:26:53]} 54. Rg4+
{[%clk 0:03:38]} exf5 {[%clk 0:27:17]} 55. Rxh4 {[%clk 0:03:56]} Kg6 {[%clk
0:27:33]} 56. Kf4 {[%clk 0:03:49]} d4 {[%clk 0:27:45]} 57. Rh3 {[%clk 0:03:29]}
Kf6 {[%clk 0:26:56]} 58. Rxh5 {[%clk 0:03:09]} Ke6 {[%clk 0:27:01]} 59. Rxf5
{[%clk 0:02:34]} d3 {[%clk 0:26:49]} 60. Re5+ {[%clk 0:02:49]} Kd6 {[%clk
0:27:01]} 61. Re3 {[%clk 0:03:09]} d2 {[%clk 0:26:57]} 62. Rd3+ {[%clk 0:03:30]}
1-0

[Event "Girls U14 Polish Youth Championship"]
[Site "chess24.com"]
[Date "2018.05.04"]
[Round "8"]
[White "Mirowska, Oliwia"]
[Black "Kieca, Aleksandra"]
[Result "1/2-1/2"]
[Board "13"]
[WhiteElo "1492"]
[WhiteCountry "POL"]
[WhiteFideId "21807574"]
[WhiteEloChange "-2"]
[BlackElo "1427"]
[BlackCountry "POL"]
[BlackFideId "21826102"]
[BlackEloChange "2"]

1. e4 {[%clk 1:30:57]} c5 {[%clk 1:30:51]} 2. Nf3 {[%clk 1:31:18]} d6 {[%clk
1:31:05]} 3. d4 {[%clk 1:31:39]} cxd4 {[%clk 1:31:21]} 4. Nxd4 {[%clk 1:31:52]}
a6 {[%clk 1:31:24]} 5. Nc3 {[%clk 1:32:05]} Nf6 {[%clk 1:31:39]} 6. g3 {[%clk
1:31:46]} e5 {[%clk 1:31:08]} 7. Nde2 {[%clk 1:31:09]} Be6 {[%clk 1:30:29]} 8.
Bg2 {[%clk 1:29:41]} Be7 {[%clk 1:29:56]} 9. O-O {[%clk 1:28:34]} O-O {[%clk
1:29:42]} 10. Be3 {[%clk 1:27:46]} Nbd7 {[%clk 1:28:52]} 11. h3 {[%clk 1:25:31]}
Nb6 {[%clk 1:24:34]} 12. b3 {[%clk 1:23:12]} Rc8 {[%clk 1:17:24]} 13. Nd5 {[%clk
1:20:38]} Nbxd5 {[%clk 1:16:03]} 14. exd5 {[%clk 1:21:00]} Bf5 {[%clk 1:15:28]}
15. c4 {[%clk 1:20:49]} b5 {[%clk 1:12:44]} 16. g4 {[%clk 1:18:10]} Bg6 {[%clk
1:11:20]} 17. Rc1 {[%clk 1:16:37]} bxc4 {[%clk 1:10:10]} 18. bxc4 {[%clk
1:16:11]} Qa5 {[%clk 1:08:27]} 19. Qd2 {[%clk 1:08:56]} Qxd2 {[%clk 1:08:25]} 20.
Bxd2 {[%clk 1:09:11]} Bd3 {[%clk 1:08:21]} 21. Rfe1 {[%clk 1:08:43]} Bxc4 {[%clk
1:07:08]} 22. Nc3 {[%clk 1:08:58]} Bd8 {[%clk 1:04:53]} 23. f4 {[%clk 1:08:25]}
Bc7 {[%clk 1:00:36]} 24. f5 {[%clk 1:05:35]} Ba5 {[%clk 0:57:44]} 25. g5 {[%clk
1:02:46]} Bxc3 {[%clk 0:56:51]} 26. Bxc3 {[%clk 1:01:26]} Nxd5 {[%clk 0:55:57]}
27. Bxd5 {[%clk 1:01:38]} Bxd5 {[%clk 0:56:10]} 28. Bb4 {[%clk 1:01:33]} Rxc1
{[%clk 0:53:15]} 29. Rxc1 {[%clk 1:01:39]} e4 {[%clk 0:47:36]} 30. Bxd6 {[%clk
0:58:35]} Re8 {[%clk 0:47:47]} 31. a3 {[%clk 0:54:03]} e3 {[%clk 0:45:09]} 32.
Kf1 {[%clk 0:52:33]} Bf3 {[%clk 0:42:13]} 33. h4 {[%clk 0:52:21]} Rd8 {[%clk
0:41:09]} 34. Ke1 {[%clk 0:48:26]} e2 {[%clk 0:37:00]} 35. Rc3 {[%clk 0:47:51]}
Bg4 {[%clk 0:37:12]} 36. Rb3 {[%clk 0:45:15]} g6 {[%clk 0:34:21]} 37. f6 {[%clk
0:44:39]} h6 {[%clk 0:33:31]} 38. Rb8 {[%clk 0:44:43]} Rxb8 {[%clk 0:33:29]} 39.
Bxb8 {[%clk 0:44:59]} hxg5 {[%clk 0:31:58]} 40. hxg5 {[%clk 0:45:20]} Kf8 {[%clk
0:32:11]} 41. a4 {[%clk 0:43:06]} Ke8 {[%clk 0:32:25]} 42. a5 {[%clk 0:43:13]}
Kd7 {[%clk 0:32:42]} 43. Bf4 {[%clk 0:43:26]} Kc6 {[%clk 0:32:17]} 44. Bd2 {[%clk
0:43:46]} Kb5 {[%clk 0:32:30]} 45. Bc3 {[%clk 0:43:40]} Kc4 {[%clk 0:32:44]}
1/2-1/2

[Event "Girls U14 Polish Youth Championship"]
[Site "chess24.com"]
[Date "2018.05.04"]
[Round "8"]
[White "Bienko, Jagoda"]
[Black "Bugaj, Hanna"]
[Result "1-0"]
[Board "14"]
[WhiteElo "1476"]
[WhiteCountry "POL"]
[WhiteFideId "1194569"]
[WhiteEloChange "9"]
[BlackElo "1427"]
[BlackCountry "POL"]
[BlackFideId "21829870"]
[BlackEloChange "-9"]

1. d4 {[%clk 1:30:49]} Nf6 {[%clk 1:30:50]} 2. c4 {[%clk 1:30:59]} g6 {[%clk
1:31:10]} 3. Nc3 {[%clk 1:31:20]} d5 {[%clk 1:31:20]} 4. cxd5 {[%clk 1:31:02]}
Nxd5 {[%clk 1:31:30]} 5. e4 {[%clk 1:31:05]} Nxc3 {[%clk 1:31:46]} 6. bxc3 {[%clk
1:31:26]} Bg7 {[%clk 1:31:51]} 7. Bc4 {[%clk 1:31:07]} c5 {[%clk 1:30:11]} 8. Be3
{[%clk 1:24:53]} Qa5 {[%clk 1:21:15]} 9. Ne2 {[%clk 1:23:11]} Nc6 {[%clk
1:18:53]} 10. O-O {[%clk 1:22:47]} O-O {[%clk 1:16:56]} 11. Qc2 {[%clk 1:20:46]}
cxd4 {[%clk 1:12:27]} 12. cxd4 {[%clk 1:20:05]} Bg4 {[%clk 1:06:24]} 13. f3
{[%clk 1:18:52]} Bd7 {[%clk 1:06:43]} 14. Rab1 {[%clk 1:18:29]} Rab8 {[%clk
1:02:38]} 15. Rfd1 {[%clk 1:17:31]} b5 {[%clk 0:41:28]} 16. Bd5 {[%clk 1:14:02]}
Rfc8 {[%clk 0:40:10]} 17. Qb3 {[%clk 1:11:42]} e6 {[%clk 0:35:40]} 18. Bxc6
{[%clk 1:11:32]} Bxc6 {[%clk 0:34:01]} 19. Bd2 {[%clk 1:01:16]} Qb6 {[%clk
0:33:41]} 20. Be3 {[%clk 1:01:36]} Qa5 {[%clk 0:24:58]} 21. Bd2 {[%clk 0:59:21]}
Qb6 {[%clk 0:15:58]} 22. Be3 {[%clk 0:58:27]} Qa5 {[%clk 0:12:06]} 23. Bf4 {[%clk
0:58:45]} Rb7 {[%clk 0:11:45]} 24. Bd2 {[%clk 0:57:53]} Qb6 {[%clk 0:11:27]} 25.
Be3 {[%clk 0:57:51]} Qa5 {[%clk 0:11:00]} 26. Rbc1 {[%clk 0:53:37]} a6 {[%clk
0:08:54]} 27. Nc3 {[%clk 0:51:34]} b4 {[%clk 0:07:39]} 28. Na4 {[%clk 0:51:33]}
Bf8 {[%clk 0:06:29]} 29. Nc5 {[%clk 0:51:30]} Bxc5 {[%clk 0:05:50]} 30. Rxc5
{[%clk 0:51:27]} Qd8 {[%clk 0:04:11]} 31. Bg5 {[%clk 0:50:42]} Qb6 {[%clk
0:03:51]} 32. Rdc1 {[%clk 0:50:37]} Rbb8 {[%clk 0:03:38]} 33. Bf4 {[%clk
0:50:21]} Ra8 {[%clk 0:03:52]} 34. Be3 {[%clk 0:50:36]} Qb7 {[%clk 0:03:45]} 35.
Bh6 {[%clk 0:42:22]} Bd7 {[%clk 0:02:27]} 36. Rxc8+ {[%clk 0:41:55]} Rxc8 {[%clk
0:02:37]} 37. Rxc8+ {[%clk 0:42:20]} Bxc8 {[%clk 0:02:39]} 38. Qc4 {[%clk
0:39:03]} Bd7 {[%clk 0:01:01]} 39. Qc5 {[%clk 0:38:52]} Qc8 {[%clk 0:00:42]} 40.
Qe7 {[%clk 0:39:04]} Bb5 {[%clk 0:00:35]} 41. Qf6 {[%clk 0:39:11]} 1-0